000
00228 a2200097 4500
001
38459
100
_a
Kang S.M
245
_a
CMOS digital intergated circuits
260
_a
Singapore
_b
McGraw Hill
_c
1996
090
_c
24444
_d
24444
942
_a
NUST-CAE
_c
M
_c
16052
999
_c
273532
_d
273532